[Event "Topalovs Defenses Pt. 1 "]
[Site "SchemingMind.com"]
[Date "2007.02.04"]
[Round "-"]
[White "Valiantangel"]
[Black "pederao"]
[Result "1-0"]
[WhiteCountry "SGP"]
[BlackCountry "USA"]
[WhiteElo "1944"]
[WhiteRD "81"]
[BlackElo "1618"]
[BlackRD "76"]
[GameID "90145"]

1. e4 c5 2. Nf3 d6 3. d4 cxd4 4. Nxd4 Nf6 5. Nc3 a6 6. Bc4 e6 7. a3 Nc6 8. O-O Bd7 9. Kh1 Be7 10. Be3 Nxe4
11. Nxe4 d5 12. Bd3 dxe4 13. Bxe4 Bd6 14. Qh5 Qf6 15. Rad1 Bf4 16. Nxc6 bxc6 17. Qc5 Rc8 18. Rxd7 Kxd7 19. Rd1+ Ke8 20. Bxc6+
1-0

[Event "Topalovs Defenses Pt. 1 "]
[Site "SchemingMind.com"]
[Date "2007.02.04"]
[Round "-"]
[White "tacticrules"]
[Black "pederao"]
[Result "0-1"]
[WhiteCountry "GER"]
[BlackCountry "USA"]
[WhiteElo "1554"]
[WhiteRD "51"]
[BlackElo "1661"]
[BlackRD "71"]
[GameID "90146"]

1. e4 c5 2. Nf3 d6 3. d4 cxd4 4. Nxd4 Nf6 5. Nc3 a6 6. Bg5 Nc6 7. f4 e6 8. Qf3 Nxd4 9. Qd3 e5 10. Bxf6 Qxf6
11. fxe5 dxe5 12. O-O-O Be6 13. Be2 Be7 14. Rhf1 Qh6+ 15. Kb1 Rd8 16. Qg3 Nxe2 17. Nxe2 O-O 18. Qxe5 Rxd1+ 19. Rxd1 Bg4 20. Re1 Bd6
21. Qc3 Qxh2 22. Nd4 Qxg2 23. Nb3 Bg3 24. Rc1 Bf4 25. Re1 h5 26. Nd4 Bd2
0-1

[Event "Topalovs Defenses Pt. 1 "]
[Site "SchemingMind.com"]
[Date "2007.02.07"]
[Round "-"]
[White "Tomasz Langier"]
[Black "mikhailtal"]
[Result "0-1"]
[WhiteCountry "POL"]
[BlackCountry "ENG"]
[WhiteElo "1317"]
[WhiteRD "78"]
[BlackElo "1829"]
[BlackRD "75"]
[GameID "90836"]

1. e4 c5 2. Nf3 d6 3. d4 cxd4 4. Nxd4 Nf6 5. Nc3 a6 6. Qe2 e5 7. Nf3 h6 8. Be3 Be7 9. O-O-O Qc7 10. Nd5 Nxd5
11. Rxd5 Be6 12. Rd1 Bxa2 13. g3 O-O 14. Nh4 Be6 15. Nf5 Bxf5 16. Bg2 Be6 17. h4 Nc6 18. b3 Bxb3 19. cxb3 Nd4+ 20. Qc4 Nxb3+
21. Kb2 Qxc4
0-1

[Event "Topalovs Defenses Pt. 1 "]
[Site "SchemingMind.com"]
[Date "2007.02.07"]
[Round "-"]
[White "Tomasz Langier"]
[Black "klesley"]
[Result "0-1"]
[WhiteCountry "POL"]
[BlackCountry "USA"]
[WhiteElo "1317"]
[WhiteRD "78"]
[BlackElo "1664"]
[BlackRD "78"]
[GameID "90837"]

1. e4 c5 2. Nf3 d6 3. d4 cxd4 4. Nxd4 Nf6 5. Nc3 a6 6. Bd3 e5 7. Nf3 Be7 8. O-O O-O 9. Nd5 Nc6 10. Bg5 Be6
11. Nxe7+ Qxe7 12. b3 h6 13. Be3 Rac8 14. c4 Rfd8 15. Bb6 Rd7 16. Rc1 Nb4 17. Ne1 Nxa2 18. Rc2 Nb4
0-1

[Event "Topalovs Defenses Pt. 1 "]
[Site "SchemingMind.com"]
[Date "2007.02.06"]
[Round "-"]
[White "Tomasz Langier"]
[Black "Dr_Pat"]
[Result "0-1"]
[WhiteCountry "POL"]
[BlackCountry "USA"]
[WhiteElo "1385"]
[WhiteRD "77"]
[BlackElo "1519"]
[BlackRD "49"]
[GameID "90838"]

1. e4 c5 2. Nf3 d6 3. d4 cxd4 4. Nxd4 Nf6 5. Nc3 a6 6. Be2 e5 7. Nf3 Be7 8. Nd5 Nxd5 9. Qxd5 Qc7 10. Ng5 O-O
11. O-O Nc6 12. a3 Nd4 13. c3 Nxe2+ 14. Kh1 Nxc1 15. Raxc1 Bxg5 16. Rcd1 Be6 17. Qxd6 Qxd6 18. Rxd6 b5 19. b4 Rfd8 20. Rc6 Rd3
21. f3 Bd2 22. f4 exf4 23. g3 Bh3 24. Rf2 Be3
0-1

[Event "Topalovs Defenses Pt. 1 "]
[Site "SchemingMind.com"]
[Date "2007.02.07"]
[Round "-"]
[White "Tomasz Langier"]
[Black "Valiantangel"]
[Result "0-1"]
[WhiteCountry "POL"]
[BlackCountry "SGP"]
[WhiteElo "1317"]
[WhiteRD "78"]
[BlackElo "1893"]
[BlackRD "67"]
[GameID "90839"]

1. e4 c5 2. Nf3 d6 3. d4 cxd4 4. Nxd4 Nf6 5. Nc3 a6 6. g3 e6 7. Be3 Be7 8. Qf3 Qc7 9. O-O-O Nc6 10. a3 Nxd4
11. Bxd4 e5 12. Be3 Bg4 13. Qg2 Bxd1 14. Kxd1 h6 15. h4 Qc6 16. Nd5 Nxd5 17. exd5 Qc7 18. c4 O-O-O 19. b4 g5 20. hxg5 hxg5
21. b5 axb5 22. cxb5 Rxh1 23. Qxh1 Qc3 24. Qh3+ Kb8
0-1

[Event "Topalovs Defenses Pt. 1 "]
[Site "SchemingMind.com"]
[Date "2007.02.07"]
[Round "-"]
[White "Tomasz Langier"]
[Black "tacticrules"]
[Result "0-1"]
[WhiteCountry "POL"]
[BlackCountry "GER"]
[WhiteElo "1317"]
[WhiteRD "78"]
[BlackElo "1577"]
[BlackRD "50"]
[GameID "90840"]

1. e4 c5 2. Nf3 d6 3. d4 cxd4 4. Nxd4 Nf6 5. Nc3 a6 6. Qd3 Nc6 7. Bf4 e5 8. Nxc6 bxc6 9. Be2 exf4 10. O-O Be7
11. Qd2 O-O 12. Qxf4 Rb8 13. b3 Re8 14. Rad1 Bb7 15. a4 c5 16. h3 Qc7 17. Nd5 Bxd5 18. exd5 Bf8 19. Rd3 Rxe2 20. Rc1 Rbe8
21. c4 R2e4 22. Qg5 h6 23. Qd2 Re2 24. Qf4 Qa5 25. g4 Re1+ 26. Rxe1 Qxe1+ 27. Kg2 Qe4+
0-1

[Event "Topalovs Defenses Pt. 1 "]
[Site "SchemingMind.com"]
[Date "2007.02.07"]
[Round "-"]
[White "Tomasz Langier"]
[Black "pederao"]
[Result "0-1"]
[WhiteCountry "POL"]
[BlackCountry "USA"]
[WhiteElo "1368"]
[WhiteRD "81"]
[BlackElo "1661"]
[BlackRD "71"]
[GameID "90841"]

1. e4 c5 2. Nf3 d6 3. d4 cxd4 4. Nxd4 Nf6 5. Nc3 a6 6. Qd3 e5 7. Nde2 Be7 8. Nd5 Be6 9. Nxf6+ Bxf6 10. f4 exf4
11. Nxf4 O-O 12. Nxe6 fxe6 13. Be3 Bxb2 14. Rb1 Qf6 15. Qxd6 Bc3+ 16. Bd2 Qf2+ 17. Kd1 Nc6 18. Bxc3 Rad8 19. Qxd8 Rxd8+ 20. Bd3 Qxg2
21. Rf1 Rxd3+ 22. cxd3 Qxf1+ 23. Kc2 Qe2+ 24. Bd2 Nd4+ 25. Kc1 Qxd3 26. Rb2 Qf1+ 27. Be1 Qxe1#
0-1

[Event "Topalovs Defenses Pt. 1 "]
[Site "SchemingMind.com"]
[Date "2007.02.07"]
[Round "-"]
[White "mikhailtal"]
[Black "Tomasz Langier"]
[Result "1-0"]
[WhiteCountry "ENG"]
[BlackCountry "POL"]
[WhiteElo "1829"]
[WhiteRD "75"]
[BlackElo "1317"]
[BlackRD "78"]
[GameID "90842"]

1. e4 c5 2. Nf3 d6 3. d4 cxd4 4. Nxd4 Nf6 5. Nc3 a6 6. f3 d5 7. e5 Ng8 8. Be3 e6 9. f4 Be7 10. Bd3 Nh6
11. h3 Nf5 12. Nxf5 exf5 13. Qd2 d4 14. Bxd4 Qxd4 15. Bb5+ Qd7 16. Bxd7+ Bxd7 17. Nd5 Bh4+ 18. Kf1 O-O 19. Nc7 Ra7 20. Qd4 Rd8
21. Qxa7
1-0

[Event "Topalovs Defenses Pt. 1 "]
[Site "SchemingMind.com"]
[Date "2007.02.07"]
[Round "-"]
[White "klesley"]
[Black "Tomasz Langier"]
[Result "1-0"]
[WhiteCountry "USA"]
[BlackCountry "POL"]
[WhiteElo "1664"]
[WhiteRD "78"]
[BlackElo "1317"]
[BlackRD "78"]
[GameID "90843"]

1. e4 c5 2. Nf3 d6 3. d4 cxd4 4. Nxd4 Nf6 5. Nc3 a6 6. Be3 Bg4 7. f3 Bd7 8. g3 Nc6 9. b3 e5 10. Nf5 Qc7
11. a3 Be7 12. Nxg7+ Kd8 13. Nf5 Bxf5 14. exf5 Rg8 15. Nd5 Qa5+ 16. Nb4 Nxb4 17. axb4 Qxb4+ 18. Kf2
1-0

[Event "Topalovs Defenses Pt. 1 "]
[Site "SchemingMind.com"]
[Date "2007.02.07"]
[Round "-"]
[White "Dr_Pat"]
[Black "Tomasz Langier"]
[Result "1-0"]
[WhiteCountry "USA"]
[BlackCountry "POL"]
[WhiteElo "1559"]
[WhiteRD "50"]
[BlackElo "1368"]
[BlackRD "81"]
[GameID "90844"]

1. e4 c5 2. Nf3 d6 3. d4 cxd4 4. Nxd4 Nf6 5. Nc3 a6 6. Be2 g6 7. O-O d5 8. exd5 Nxd5 9. Nxd5 Qxd5 10. Bf4 Qd7
11. c3 Bg7 12. Bf3 O-O 13. Re1 Re8 14. Be5 Bxe5 15. Rxe5 e6 16. Re1 Nc6 17. Nxc6 bxc6 18. Qxd7 Bxd7 19. Rad1 Ra7 20. Rd6 Rc8
21. Red1 Rcc7 22. b4 h5 23. a3 f5 24. Be2 c5 25. Bxa6 Ba4 26. Re1 Re7 27. Rexe6 Rec7 28. Rxg6+ Kf7 29. Bc4+ Ke7 30. b5 Rcb7
31. b6 Ra8 32. Rde6+ Kd8 33. Rg8+ Kd7 34. Rxa8
1-0

[Event "Topalovs Defenses Pt. 1 "]
[Site "SchemingMind.com"]
[Date "2007.02.07"]
[Round "-"]
[White "Valiantangel"]
[Black "Tomasz Langier"]
[Result "1-0"]
[WhiteCountry "SGP"]
[BlackCountry "POL"]
[WhiteElo "1893"]
[WhiteRD "67"]
[BlackElo "1317"]
[BlackRD "78"]
[GameID "90845"]

1. e4 c5 2. Nf3 d6 3. d4 cxd4 4. Nxd4 Nf6 5. Nc3 a6 6. f4 e5 7. Nf3 exf4 8. Bxf4 Nc6 9. Qd2 Na7 10. O-O-O Qa5
11. Bxd6 Nb5 12. Bxf8 Rxf8 13. Nxb5 axb5 14. Qd4 Bd7 15. e5 Bc6 16. exf6 Qxa2 17. Re1+ Qe6 18. Rxe6+ fxe6 19. fxg7 Ra1+ 20. Kd2 Ra4
21. gxf8=Q+ Kxf8 22. Qf6+ Ke8 23. Qxe6+ Kd8 24. Bxb5
1-0

[Event "Topalovs Defenses Pt. 1 "]
[Site "SchemingMind.com"]
[Date "2007.02.07"]
[Round "-"]
[White "tacticrules"]
[Black "Tomasz Langier"]
[Result "1-0"]
[WhiteCountry "GER"]
[BlackCountry "POL"]
[WhiteElo "1577"]
[WhiteRD "50"]
[BlackElo "1317"]
[BlackRD "78"]
[GameID "90846"]

1. e4 c5 2. Nf3 d6 3. d4 cxd4 4. Nxd4 Nf6 5. Nc3 a6 6. Bg5 Nbd7 7. f4 e5 8. fxe5 Nxe5 9. Be2 Be7 10. O-O O-O
11. Nd5 Nxd5 12. Bxe7 Nxe7 13. Nf5 Qb6+ 14. Kh1 f6 15. Nxe7+ Kh8 16. b3 Be6 17. Nd5 Bxd5 18. Qxd5 Rad8 19. c4 Qe3 20. Bf3 Nxf3
21. Rxf3 Qb6 22. Rd1
1-0

[Event "Topalovs Defenses Pt. 1 "]
[Site "SchemingMind.com"]
[Date "2007.02.07"]
[Round "-"]
[White "pederao"]
[Black "Tomasz Langier"]
[Result "1-0"]
[WhiteCountry "USA"]
[BlackCountry "POL"]
[WhiteElo "1669"]
[WhiteRD "76"]
[BlackElo "1317"]
[BlackRD "78"]
[GameID "90847"]

1. e4 c5 2. Nf3 d6 3. d4 cxd4 4. Nxd4 Nf6 5. Nc3 a6 6. Bc4 Nc6 7. Nxc6 bxc6 8. e5 dxe5 9. Qxd8+ Kxd8 10. Bxf7 e4
11. Bf4 g6 12. O-O-O+ Bd7 13. Be6 Ra7 14. Be5 Bg7 15. Bxf6 Bxf6 16. Nxe4 Rb7 17. Rxd7+ Rxd7 18. Bxd7 Kxd7 19. Nc5+ Kd6 20. Nxa6 Ra8
21. Rd1+ Ke5 22. Nb4 Ra4 23. Nxc6+ Kf4 24. a3 Re4 25. c3 Bg5 26. Nd4 Ke5+ 27. Kc2 h5 28. a4
1-0

[Event "Topalovs Defenses Pt. 1 "]
[Site "SchemingMind.com"]
[Date "2007.02.07"]
[Round "-"]
[White "javilez"]
[Black "mikhailtal"]
[Result "1/2-1/2"]
[WhiteCountry "NCA"]
[BlackCountry "ENG"]
[WhiteElo "1742"]
[WhiteRD "59"]
[BlackElo "1783"]
[BlackRD "75"]
[GameID "90852"]

1. e4 c5 2. Nf3 d6 3. d4 cxd4 4. Nxd4 Nf6 5. Nc3 a6 6. Be3 Ng4 7. Bg5 h6 8. Bh4 g5 9. Bg3 Bg7 10. Be2 Ne5
11. O-O Nbc6 12. Nb3 e6 13. f4 gxf4 14. Bxf4 Ng6 15. Qxd6 Nxf4 16. Qxd8+ Kxd8 17. Rxf4 Bxc3 18. bxc3 Ne5 19. Nd4 Bd7 20. Nf3 Nxf3+
21. Rxf3 Ke7 22. Raf1 Rh7 23. Rf6 h5 24. Bxh5 Rxh5 25. Rxf7+ Kd6 26. Rd1+ Ke5 27. Rdxd7 Rc8 28. Rxb7 Rxc3 29. Rbc7 Rxc7 30. Rxc7 Kxe4
31. Rc6 Ra5 32. Rxe6+ Kf5 33. Re1 Rxa2 34. Rc1 Ra5 35. c4 Rc5 36. h4 Kg4 37. Kf2 Kxh4 38. Kf3 Kg5 39. g3 a5 40. Ke4 a4
41. Kd4 Rc8 42. c5 Kf6 43. c6 a3 44. Kc5 Ke7 45. Ra1 Ra8 46. Kb6 Rb8+ 47. Ka7 Rb3 48. g4 Kd6 49. Rc1 Kc7 50. Rc4 a2
51. Ra4 Kxc6 52. Rxa2 Rg3 53. Ra4 Kd5=
1/2-1/2

[Event "Topalovs Defenses Pt. 1 "]
[Site "SchemingMind.com"]
[Date "2007.02.07"]
[Round "-"]
[White "javilez"]
[Black "klesley"]
[Result "1/2-1/2"]
[WhiteCountry "NCA"]
[BlackCountry "USA"]
[WhiteElo "1767"]
[WhiteRD "60"]
[BlackElo "1701"]
[BlackRD "80"]
[GameID "90853"]

1. e4 c5 2. Nf3 d6 3. d4 cxd4 4. Nxd4 Nf6 5. Nc3 a6 6. Be3 e5 7. Nb3 Be7 8. Be2 Be6 9. O-O O-O 10. Qd2 Nbd7
11. Rad1 b5 12. a3 Bxb3 13. cxb3 Nc5 14. Bxc5 dxc5 15. Qxd8 Rfxd8 16. f3 b4 17. Nd5 Nxd5 18. Rxd5 Rxd5 19. exd5 a5 20. Rd1 Bd6
21. Bc4 f6 22. h3 h5 23. g4 g6 24. gxh5 gxh5 25. Rd2 Kh7 26. Bd3+ Kg7 27. Rg2+ Kf8 28. Rg6 Rb8 29. Rxf6+ Ke7 30. Re6+ Kd7
31. Bc4 Rg8+ 32. Kf2 Rf8 33. Ke3 Rf4 34. Bb5+ Kc7 35. Rh6 Rh4 36. Be8 Rxh3 37. Rxh5 Rg3 38. Kf2 e4 39. fxe4 Rxb3 40. e5 Rxb2+
41. Ke3 bxa3 42. exd6+ Kxd6 43. Rh1 Rg2 44. Bc6 Rg3+ 45. Kf2 Rb3 46. Ra1 c4 47. Ke2 Kc5 48. Kd2 c3+ 49. Kc2 Kb4 50. d6 Rb2+
51. Kc1 Rd2 52. d7 Kb3 53. Rb1+ Kc4 54. Ba4 Kc5 55. Rb5+ Kc4 56. Rxa5 Kb4 57. Ra8 a2 58. Bc2 Rxd7 59. Rxa2 Rg7 60. Ra4+ Kb5
61. Rh4 Rg3 62. Ba4+ Ka5 63. Kc2 Re3 64. Rc4 Rg3 65. Bc6 Kb6 66. Bd5 Kb5 67. Rxc3=
1/2-1/2

[Event "Topalovs Defenses Pt. 1 "]
[Site "SchemingMind.com"]
[Date "2007.02.07"]
[Round "-"]
[White "javilez"]
[Black "Dr_Pat"]
[Result "0-1"]
[WhiteCountry "NCA"]
[BlackCountry "USA"]
[WhiteElo "1713"]
[WhiteRD "85"]
[BlackElo "1519"]
[BlackRD "49"]
[GameID "90854"]

1. e4 c5 2. Nf3 d6 3. d4 cxd4 4. Nxd4 Nf6 5. Nc3 a6 6. Bg5 e5 7. Nb3 Be6 8. f3 Be7 9. Be2 O-O 10. Qd2 b5
11. Rd1 Nbd7 12. O-O b4 13. Na4 Nxe4 14. Bxe7 Nxd2 15. Bxd8 Nxf1 16. Kxf1 Rfxd8 17. Rxd6 Nf6 18. Rxd8+ Rxd8 19. Bxa6 Ra8 20. Bb5 Bd7
21. Bxd7 Nxd7 22. Nac5 Nxc5 23. Nxc5 Rxa2 24. Nd3 Ra4 25. Nxe5 Ra2 26. Nd3 h6 27. Ke2 Kf8 28. Kd2 Ke7 29. Nxb4 Rxb2 30. Kc3 Rb1
31. Nd5+ Kd6 32. Ne3 Rh1 33. h3 g6 34. Kd4 f5 35. c4 f4 36. Ng4 h5 37. c5+ Ke6 38. Ne5 g5 39. Nc4 Rg1 40. c6 Ke7
41. Kc5 Rxg2 42. Kb6 Rc2 43. Na5 g4
0-1

[Event "Topalovs Defenses Pt. 1 "]
[Site "SchemingMind.com"]
[Date "2007.02.11"]
[Round "-"]
[White "javilez"]
[Black "Valiantangel"]
[Result "1-0"]
[WhiteCountry "NCA"]
[BlackCountry "SGP"]
[WhiteElo "1742"]
[WhiteRD "59"]
[BlackElo "1499"]
[BlackRD "55"]
[GameID "90855"]

1. e4 c5 2. Nf3 d6 3. d4 cxd4 4. Nxd4 Nf6 5. Nc3 a6 6. f3 e5 7. Nb3 Be6 8. Bg5 Nbd7 9. Qd2 Be7 10. Rd1 O-O
11. Be2 b5 12. a3 Rc8 13. O-O Ne8 14. Bxe7 Qxe7 15. Na5 f5 16. exf5 Rxf5 17. Bd3 Rg5 18. Be4 Nb6 19. Bb7 Nc4 20. Nxc4 Rxc4
21. Bxa6 Qa7+ 22. Kh1 Qxa6 23. Qxg5 Qb7 24. Qd8 Rc8 25. Qa5 Bf5 26. Qxb5 Qc7 27. Rd2 Rb8 28. Qd5+ Kh8 29. Ne4 Rxb2 30. Nxd6 Nxd6
31. Qxd6 Qxd6 32. Rxd6 h6 33. c4 Ra2 34. Rc1 Rxa3 35. h3 Kh7 36. c5 e4 37. fxe4 Bxe4 38. Rd2 Bc6 39. Kg1 Kg8 40. Rdc2 Rg3
41. Kh2 Ra3 42. Rc3
1-0

[Event "Topalovs Defenses Pt. 1 "]
[Site "SchemingMind.com"]
[Date "2007.02.10"]
[Round "-"]
[White "javilez"]
[Black "tacticrules"]
[Result "0-1"]
[WhiteCountry "NCA"]
[BlackCountry "GER"]
[WhiteElo "1740"]
[WhiteRD "65"]
[BlackElo "1577"]
[BlackRD "50"]
[GameID "90856"]

1. e4 c5 2. Nf3 d6 3. d4 cxd4 4. Nxd4 Nf6 5. Nc3 a6 6. f3 e5 7. Nb3 Be6 8. Bg5 Nbd7 9. Qd2 Be7 10. Rd1 O-O
11. Bxf6 Nxf6 12. Be2 Qc7 13. O-O b5 14. a3 Rfd8 15. Nd5 Bxd5 16. exd5 Rac8 17. c3 Qb6+ 18. Kh1 a5 19. Bd3 a4 20. Na1 Bf8
21. Nc2 Rc7 22. Nb4 Rdc8 23. Be4 Nxe4 24. fxe4 Rc4 25. Rde1 Qd8 26. g3 Qd7 27. Nc6 Qg4 28. Qd3 g6 29. Kg2 Qd7 30. Rf3 Rc7
31. h3 Bg7= 32. Ref1 f5 33. exf5 e4
0-1

[Event "Topalovs Defenses Pt. 1 "]
[Site "SchemingMind.com"]
[Date "2007.02.08"]
[Round "-"]
[White "javilez"]
[Black "pederao"]
[Result "1-0"]
[WhiteCountry "NCA"]
[BlackCountry "USA"]
[WhiteElo "1762"]
[WhiteRD "71"]
[BlackElo "1661"]
[BlackRD "71"]
[GameID "90857"]

1. e4 c5 2. Nf3 d6 3. d4 cxd4 4. Nxd4 Nf6 5. Nc3 a6 6. Bg5 e5 7. Nb3 Be7 8. Qd2 b5 9. a3 Be6 10. Rd1 Nbd7
11. Be2 a5 12. Bxf6 Nxf6 13. Bxb5+ Bd7 14. f3 O-O 15. Bxd7 Nxd7 16. Nd5 Bg5 17. Qd3 a4 18. Nd2 Nc5 19. Qe2 f5 20. exf5 Rxf5
21. O-O Qd7 22. Nb6 Qa7 23. Nxa8 Ne4+ 24. Kh1 Nxd2 25. Rxd2 Bxd2 26. Qxd2 Qxa8 27. Qxd6 Qb7 28. Qe6+ Rf7 29. Qxe5 Re7 30. Qc3 Qb5
31. Re1 Qxb2 32. Qc8+ Kf7 33. Rxe7+ Kxe7 34. Qc5+ Kf7 35. h3 Qc1+ 36. Kh2 Qf4+ 37. Kg1 Qc1+ 38. Kf2 Qd2+ 39. Kg3 Qe1+ 40. Kg4 Qe2
41. g3 g6 42. c4 Qe6+ 43. Kf4 Qxh3 44. Qd5+ Ke7 45. c5 Qe6 46. Qxe6+ Kxe6 47. Ke4 h5 48. f4
1-0

[Event "Topalovs Defenses Pt. 1 "]
[Site "SchemingMind.com"]
[Date "2007.02.08"]
[Round "-"]
[White "javilez"]
[Black "Tomasz Langier"]
[Result "1-0"]
[WhiteCountry "NCA"]
[BlackCountry "POL"]
[WhiteElo "1713"]
[WhiteRD "85"]
[BlackElo "1385"]
[BlackRD "77"]
[GameID "90858"]

1. e4 c5 2. Nf3 d6 3. d4 cxd4 4. Nxd4 Nf6 5. Nc3 a6 6. Be3 d5 7. exd5 Nxd5 8. Nxd5 Qxd5 9. Nb3 e6 10. Qxd5 exd5
11. O-O-O Be6 12. g3 Bd6 13. Bg2 Bg4 14. Rxd5 Bc7 15. h3 Be6 16. Rd2 Bc8 17. Rhd1 O-O 18. Nc5 Ra7 19. Ne6 b6 20. Nxf8 Kxf8
21. Rd8+ Ke7 22. Rxc8 Nc6 23. Bxc6 f5 24. Rd7+ Ke6 25. Rcxc7
1-0

[Event "Topalovs Defenses Pt. 1 "]
[Site "SchemingMind.com"]
[Date "2007.02.09"]
[Round "-"]
[White "mikhailtal"]
[Black "javilez"]
[Result "1/2-1/2"]
[WhiteCountry "ENG"]
[BlackCountry "NCA"]
[WhiteElo "1781"]
[WhiteRD "73"]
[BlackElo "1762"]
[BlackRD "71"]
[GameID "90859"]

1. e4 c5 2. Nf3 d6 3. d4 cxd4 4. Nxd4 Nf6 5. Nc3 a6 6. f3 e6 7. Be3 Nbd7 8. g4 h6 9. Qd2 b5 10. a3 Bb7
11. h4 d5 12. g5 hxg5 13. Bxg5 Qc7 14. Bd3 Rc8 15. O-O-O Bxa3 16. Bxf6 Nxf6 17. e5 Nd7 18. Ncxb5 Bxb2+ 19. Kxb2 axb5 20. Bxb5 O-O
21. f4 Qb6 22. Rb1 Rc4 23. Kc1 Rxd4 24. Qg2 Qa5 25. Rg1 Qa3+ 26. Rb2 g6 27. h5 Qa1+ 28. Rb1=
1/2-1/2

[Event "Topalovs Defenses Pt. 1 "]
[Site "SchemingMind.com"]
[Date "2007.02.09"]
[Round "-"]
[White "klesley"]
[Black "javilez"]
[Result "0-1"]
[WhiteCountry "USA"]
[BlackCountry "NCA"]
[WhiteElo "1664"]
[WhiteRD "78"]
[BlackElo "1740"]
[BlackRD "65"]
[GameID "90860"]

1. e4 c5 2. Nf3 d6 3. d4 cxd4 4. Nxd4 Nf6 5. Nc3 a6 6. Be3 e6 7. f3 Nbd7 8. g4 Qc7 9. Qd2 h6 10. O-O-O b5
11. a3 Bb7 12. Ndxb5 axb5 13. Nxb5 Qc6 14. Nxd6+ Bxd6 15. Qxd6 Rc8 16. Qxc6 Bxc6 17. Be2 Nxe4 18. Rhf1 Ba4 19. Bd3 Nec5 20. Rf2 O-O
21. h4 Rc7 22. Bxc5 Nxc5 23. f4 Rfc8 24. Rdd2 Nxd3+ 25. Rxd3 Rxc2+ 26. Rxc2 Rxc2+ 27. Kb1 Rh2 28. Rd8+ Kh7 29. Rb8 Rxh4 30. b3 Bc6
31. a4 Rxg4 32. a5 Rxf4 33. b4 Rf5 34. a6 Rb5 35. a7 Re5 36. b5 Bh1 37. b6 Rb5+ 38. Kc2 h5 39. Kc3 h4 40. b7 Rxb7
41. Rh8+ Kg6 42. Rxh4 Rc7+ 43. Kd3 Rxa7 44. Rxh1 f5 45. Ke3 e5 46. Rb1 Ra6 47. Rb5 Kf6 48. Rb2 g5 49. Rh2 Ra3+
0-1

[Event "Topalovs Defenses Pt. 1 "]
[Site "SchemingMind.com"]
[Date "2007.02.08"]
[Round "-"]
[White "Dr_Pat"]
[Black "javilez"]
[Result "0-1"]
[WhiteCountry "USA"]
[BlackCountry "NCA"]
[WhiteElo "1519"]
[WhiteRD "49"]
[BlackElo "1713"]
[BlackRD "85"]
[GameID "90861"]

1. e4 c5 2. Nf3 d6 3. d4 cxd4 4. Nxd4 Nf6 5. Nc3 a6 6. f3 e6 7. Be3 Nbd7 8. Qd2 b5 9. a4 b4 10. Na2 d5
11. Nxb4 dxe4 12. Be2 Qc7 13. O-O-O Bb7 14. Nb3 a5 15. Na2 Bd5 16. Bb5 Bxb3 17. Bb6 Qxc2+ 18. Qxc2 Bxc2 19. Kxc2 exf3 20. gxf3 Nd5
21. Bxd7+ Kxd7 22. Rhe1 Bd6 23. Bd4 Rhc8+ 24. Kb1 g6 25. Nc3 Nxc3+ 26. Bxc3 Ke7
0-1

[Event "Topalovs Defenses Pt. 1 "]
[Site "SchemingMind.com"]
[Date "2007.02.09"]
[Round "-"]
[White "Valiantangel"]
[Black "javilez"]
[Result "0-1"]
[WhiteCountry "SGP"]
[BlackCountry "NCA"]
[WhiteElo "1893"]
[WhiteRD "67"]
[BlackElo "1740"]
[BlackRD "65"]
[GameID "90862"]

1. e4 c5 2. Nf3 d6 3. d4 cxd4 4. Nxd4 Nf6 5. Nc3 a6 6. g3 e6 7. Bg2 Be7 8. O-O Qc7 9. a4 e5 10. Nde2 b6
11. Bg5 Nbd7 12. Qd2 Bb7 13. Bxf6 Nxf6 14. Nc1 O-O 15. Nd3 Rac8 16. Rac1 Qc4 17. Rfe1 Nd7 18. Nd5 Bxd5 19. b3 Qc3 20. Qxc3 Rxc3
21. exd5 Rfc8 22. Nb4 Nb8 23. Nc6 Kf8 24. Re3 Rxe3 25. fxe3 g6 26. c4 f5 27. Nxb8 Rxb8 28. b4 Rc8 29. Bf1 a5 30. bxa5 bxa5
31. Rb1 h5 32. Rb5 Ra8 33. Be2 Ke8 34. Kf2 Kd7
0-1

[Event "Topalovs Defenses Pt. 1 "]
[Site "SchemingMind.com"]
[Date "2007.02.07"]
[Round "-"]
[White "tacticrules"]
[Black "javilez"]
[Result "1-0"]
[WhiteCountry "GER"]
[BlackCountry "NCA"]
[WhiteElo "1577"]
[WhiteRD "50"]
[BlackElo "1740"]
[BlackRD "65"]
[GameID "90863"]

1. e4 c5 2. Nf3 d6 3. d4 cxd4 4. Nxd4 Nf6 5. Nc3 a6 6. Bg5 e6 7. f4 Qb6 8. Qd2 Qxb2 9. Rb1 Qa3 10. Rb3 Qa5
11. f5 Nc6 12. Nxc6 bxc6 13. Bxf6 gxf6 14. Be2 exf5 15. exf5 Bxf5 16. O-O Be6 17. Rbb1 Qc5+ 18. Kh1 Bg7 19. Ne4= Qe5 20. Ng3 O-O
21. Bd3 Rab8 22. Rfe1 Qg5 23. Qxg5 fxg5 24. Bf5 Bxa2 25. Rxb8 Rxb8 26. Bd3 a5 27. Ne4 Re8 28. Nf6+ Bxf6 29. Rxe8+ Kg7 30. Rc8 c5
31. Ra8 Bc3 32. Ra6 d5 33. Kg1 Bb4 34. Kf1 d4 35. Ke2 c4 36. Be4 c3 37. Kd3
1-0

[Event "Topalovs Defenses Pt. 1 "]
[Site "SchemingMind.com"]
[Date "2007.02.07"]
[Round "-"]
[White "pederao"]
[Black "javilez"]
[Result "1-0"]
[WhiteCountry "USA"]
[BlackCountry "NCA"]
[WhiteElo "1661"]
[WhiteRD "71"]
[BlackElo "1762"]
[BlackRD "71"]
[GameID "90864"]

1. e4 c5 2. Nf3 d6 3. d4 cxd4 4. Nxd4 Nf6 5. Nc3 a6 6. Bc4 b5 7. Bb3 e6 8. O-O Bb7 9. Re1 Nbd7 10. a3 Rc8
11. Bg5 Be7 12. Nf3 Qc7 13. Re3 Nc5 14. h3 Nfxe4 15. Nxe4 Nxe4 16. Bxe7 Kxe7 17. Qd4 Nf6 18. Rd1 Qc5 19. Nh4 Qxd4 20. Rxd4 g6
21. c3 Nd5 22. Bxd5 Bxd5 23. Rxd5 Rc4 24. Rd4 Rhc8 25. Nf3 R4c5 26. Kh2 f6 27. g4 e5 28. Nd2 Kd7 29. Rdd3 f5 30. b4 R5c6
31. Rxe5 Kc7 32. Ree3 Kb6 33. gxf5 gxf5 34. f4
1-0

[Event "Topalovs Defenses Pt. 1 "]
[Site "SchemingMind.com"]
[Date "2007.02.08"]
[Round "-"]
[White "Tomasz Langier"]
[Black "javilez"]
[Result "0-1"]
[WhiteCountry "POL"]
[BlackCountry "NCA"]
[WhiteElo "1385"]
[WhiteRD "77"]
[BlackElo "1713"]
[BlackRD "85"]
[GameID "90865"]

1. e4 c5 2. Nf3 d6 3. d4 cxd4 4. Nxd4 Nf6 5. Nc3 a6 6. Qe2 Qc7 7. Bf4 e5 8. Nd5 Nxd5 9. exd5 Be7 10. Nb5 Qa5+
11. Bd2 Qxb5 12. Qxb5+ axb5 13. Bxb5+ Bd7 14. a4 Bxb5 15. a5 O-O 16. h4 Nd7 17. g4 Nf6 18. g5 Nxd5 19. h5 f5 20. g6 h6
21. f3 Rac8 22. Ra3 Rxc2 23. Rb3 Ba6 24. Rf1 Bxf1
0-1